LEADER 00658nam a2200217 i 4500 001 991004369132507536 005 20250708165639.0 008 920512s1976 it er 000 0bita d 040 $aBibl. Dip.le Aggr. Scienze Giuridiche - Sez. Studi Giuridici$bita$cSocioculturale Scs 041 0 $aita 082 04$a324.2450740924$223 100 1 $aBarrese, Orazio$0118860 245 10$aMancini /$cOrazio Barrese 260 $aMilano :$bFeltrinelli,$c1976 300 $a233 p. ;$c21 cm 490 1 $aAl vertice ;$v5 600 14$aMancini, Giacomo$vBiografie 830 0$aAl vertice ;$v5 912 $a991004369132507536 996 $aMancini$93906075 997 $aUNISALENTO